Statistics for Major Islands Closest to the United States

Click here to take the quiz!

General Stats

  • This quiz has been taken 48 times
  • The average score is 8 of 24

Answer Stats

Distance in km Island Distance in mi % Correct
149Cuba93
100%
3,268Iceland2,031
69%
1,971Greenland1,225
64%
930Hispaniola578
62%
1,615Baffin Island1,004
62%
638Newfoundland396
57%
4Vancouver Island2
52%
836Victoria Island519
40%
2,645Honshu1.644
40%
2,197Hokkaido1,365
40%
1,658Ellesmere Island1,030
38%
3,866Kyushu2,402
31%
1,983Sakhalin1,232
26%
3,629Shikoku2,255
24%
606Banks Island377
21%
1,577Devon Island980
17%
1,634Southampton Island1,015
14%
1,392Prince of Wales Island865
14%
944Melville Island587
14%
1,652Axel Heiberg Island1,027
14%
1,613Somerset Island1,002
12%
1,753Kotelny Island1,089
5%
3,182Spitsbergen1,977
5%
3,295Novaya Zemlya2,047
5%

Score Distribution

Percentile by Number Answered

Percent of People with Each Score

Your Score History

You have not taken this quiz